Conductas problema en el niño normal: programas preventivos y terapéuticos, guía para padres y maestros
Saved in:
| Main Authors: | , , |
|---|---|
| Format: | Bog |
| Sprog: | spansk |
| Udgivet: |
Ciudad de México
Trillas
1987
|
| Fag: | |
| Tags: |
Tilføj Tag
Ingen Tags, Vær først til at tagge denne postø!
|
MARC
| LEADER | 00000nam a2200000 a 4500 | ||
|---|---|---|---|
| 001 | UCN1949 | ||
| 003 | CL-VaPUC | ||
| 008 | 010504e19870000MX |||||||||||||||||spa|d | ||
| 082 | 0 | 4 | |a 155.418 |b AGU |2 21 |
| 100 | 0 | |a Aguilar, Guido |e author |9 457545 | |
| 700 | 0 | |a Lebl, Blanca G. de |e author |9 457546 | |
| 700 | 0 | |a Recinos, Luis A |e author |9 457547 | |
| 245 | 1 | 0 | |a Conductas problema en el niño normal: programas preventivos y terapéuticos, guía para padres y maestros |
| 300 | |a 224 p | ||
| 942 | |c BK | ||
| 945 | |d 20010504 00:00:00 |a cmena | ||
| 260 | |a Ciudad de México |b Trillas |c 1987 | ||
| 650 | 0 | |a Psicología del niño |9 307305 | |
| 650 | 7 | |a PROBLEMAS EMOCIONALES DE LOS NIÑOS |2 CL-VaPUC |9 310627 | |
| 650 | 0 | |a Psicología educacional |9 307830 | |
| 650 | 0 | |a Niños |9 255605 | |
| 583 | |a last modification |c 20010504 00:00:00 |k Rodrigo Vera | ||
| 999 | |c 295171 |d 295169 | ||
| 952 | |0 0 |1 0 |4 0 |6 155_418000000000000_AGU_1987 |7 0 |8 A |9 348102 |a BIBEDU |b BIBEDU |d 2019-11-20 |i 371800K |o 155.418 AGU 1987 |p 371800K |r 2019-11-20 |w 2019-11-20 |y BK |k EPE | ||